| 000 | 00649nam a22001697a 4500 | ||
|---|---|---|---|
| 005 | 20251108165547.0 | ||
| 008 | 250721s1983 xx 000 0 ara d | ||
| 082 | 1 | 4 | _aم/332.03/مجل |
| 245 | 1 | 0 | _aالدليل العربي الموحد للمصطلحات المالية و الضريبية / |
| 264 | 1 |
_aعمان : _bمجلس الوحدة الإقتصادية العربية - الأمانة العامة، _c1983. |
|
| 300 | _a113ص | ||
| 650 | 1 | 7 | _aالمالية |
| 650 | 1 | 7 | _aعلم المعاجم |
| 710 | 2 | _aمجلس الوحدة الإقتصادية العربية - الأمانة العامة | |
| 942 |
_2ddc _cREF |
||
| 999 |
_c30777 _d30777 |
||